|
|
|
|
| LEADER |
00000nab a2200000 ar4500 |
| 001 |
vtls010188098 |
| 003 |
SK-MaSNL |
| 005 |
20260319071313.0 |
| 008 |
101111c20101105xo |||||||| 000 b|hun |
| 015 |
|
|
|a SNBRB2010/11
|2 snkbucl
|
| 038 |
|
|
|a SNKBUCL
|
| 040 |
|
|
|a DSZK
|b slo
|c DSZK
|e AACR2
|
| 041 |
0 |
|
|a hun
|
| 044 |
|
|
|a xo
|c SK
|
| 080 |
|
|
|a 061.27
|x (439)
|2 2001
|
| 080 |
|
|
|a 378.34
|x (=511.141)
|x (437.6)
|2 2001
|
| 080 |
|
|
|a 371.212
|x (=511.141)
|x (437.6)
|2 2001
|
| 100 |
1 |
|
|a Száz, Ildikó,
|d 1970-
|4 aut
|9 103403
|
| 245 |
1 |
0 |
|a Ösztöndíjat kaptak a legeredményesebb diákok
|b először 1992-ben, a gimnázium fennállásának 150. évfordulóján adtak át ösztöndíjat a diákoknak ...
|c Száz Ildikó
|
| 300 |
|
|
|b Fotogr.
|
| 610 |
2 |
7 |
|a Nadácia pre novozámockú maďarskú študujúcu mládež (Budapešť, Maďarsko)
|2 snkbucl
|9 1062900
|
| 648 |
|
7 |
|a 2010
|2 snkbucl
|9 324355
|
| 650 |
0 |
7 |
|a maďarskí žiaci
|2 snkbucl
|9 71451
|
| 650 |
0 |
7 |
|a maďarskí študenti
|2 snkbucl
|9 537962
|
| 650 |
0 |
7 |
|a štipendiá
|2 snkbucl
|9 23008
|
| 651 |
|
7 |
|a Nové Zámky (Slovensko)
|2 SNKPHgeo
|9 15884
|
| 773 |
0 |
|
|t Új szó
|g Évf. 63, sz. 255 (5.11.2010), o. 5
|x 1335-7050
|
| 852 |
|
|
|a SNK
|b KIS3GCP
|
| 852 |
|
|
|a DSZK
|b KIS3GCP
|
| 958 |
|
|
|a HU
|
| 958 |
|
|
|a SK
|
| 999 |
|
|
|c 1808220
|d 1810150
|